| 000 | 00420 a2200157 4500 | ||
|---|---|---|---|
| 005 | 20250623105523.0 | ||
| 020 | _a0-19-946744-7 | ||
| 082 | _a658.87 BAJ | ||
| 100 | _aBAJAJ. C. | ||
| 245 | _aRetail Management. | ||
| 250 | _a3rd Ed, | ||
| 260 |
_aNew Delhi, _bOxford University Press, _c2016. |
||
| 300 |
_axvi,427p.; ill, figure, picture & table _bIndex _c28cm |
||
| 700 | _aTULI. R, SRIVASTAVA.N. V. | ||
| 942 |
_2ddc _cBKS |
||
| 999 |
_c4661 _d4661 |
||